[Event "NOR-ch Youth 2019"]
[Site "Skien"]
[Date "2019.11.08"]
[Round "1.11"]
[White "Shehzad, Shazil"]
[Black "Bakke, Brynjar"]
[Result "1-0"]
[WhiteElo "2173"]
[BlackElo "1411"]
[Annotator "TA"]
[PlyCount "51"]
[EventDate "2019.11.08"]
[EventType "swiss"]
[EventCountry "NOR"]
[SourceTitle "playchess.com"]
[Source "ChessBase"]
[SourceQuality "1"]

{[%evp 21,70,102,111,93,152,145,169,154,292,291,267,273,289,288,386,374,395,393,377,382,2650,2788,2659,2522,29983,29984,29982,2105,29989,29990,29990,29991,29991,29991,29991,29992,29992,29993,29993,29993,29994,29995,29995,29996,29997,29993,29993,29994,29998,29999,29999]} 1. e4 c5 2. Nf3 d6 3. d4 cxd4 4. Nxd4 Nf6 5. Nc3 a6 6. f3 Nc6 7. Be3 g6 8. Qd2 Bg7 9. O-O-O Nxd4 10. Bxd4 O-O 11. g4 b5 12. h4 {B76: Sicilian Dragon: Yugoslav Attack, 9 g4 and 9 0-0-0} b4 (12... Qa5 $142) 13. Nd5 $16 Nxd5 14. exd5 {White is clearly better.} a5 $146 (14... Bxd4 $16 {is a better defense.} 15. Qxd4 Qa5) ({Predecessor:} 14... Qa5 15. Bxg7 Kxg7 16. Kb1 h6 17. h5 g5 18. f4 Bxg4 19. Re1 Bf3 20. Bg2 Bxg2 21. Qxg2 Rac8 22. fxg5 Qc7 23. gxh6+ Kxh6 24. Re6+ Kh7 25. Qe4+ {1-0 (25) Held,M (2265)-Schaefer,M Schwaebisch Gmuend 1998}) 15. Bxg7 $18 Kxg7 {[#]} 16. h5 $1 {[%cal Rh5g6] Black must now prevent hxg6.} Rh8 17. Qd4+ ({Less strong is} 17. h6+ Kf8 $16) 17... f6 18. Bd3 Ba6 19. Bxa6 Rxa6 20. g5 Qb6 $2 (20... a4 21. Qxb4 Ra7) 21. Qe4 Qd8 22. hxg6 Ra7 23. gxf6+ exf6 24. gxh7 (24. Qe3 $142 Rd7 25. Qh6+ {[%mdl 64] Double Attack} Kg8 26. Rdg1 Qf8 {[#]} 27. Qh3 $1 {[%mdl 512]} f5 28. gxh7+ Kf7 29. Re1) 24... Re7 25. Rdg1+ {White mates.} Kf8 26. Qf5 {Played: Qe4-g6} 1-0

[Event "NOR-ch Youth 2019"]
[Site "Skien"]
[Date "2019.11.08"]
[Round "1.12"]
[White "Hammari, Vinjar"]
[Black "Unneland, Mathias"]
[Result "0-1"]
[WhiteElo "1358"]
[BlackElo "2029"]
[Annotator "NA RC"]
[PlyCount "52"]
[EventDate "2019.11.08"]
[EventType "swiss"]
[EventCountry "NOR"]
[SourceTitle "playchess.com"]
[Source "ChessBase"]
[SourceQuality "1"]
[TimeControl "2400+10"]

1. e4 {[%emt 0:00:00]} e6 {[%emt 0:00:00]} 2. d4 {[%emt 0:00:00]} d5 {[%emt 0:00:00]} 3. exd5 {[%emt 0:00:05]} exd5 {[%emt 0:00:00]} 4. Bd3 {[%emt 0:00:02]} Bd6 {[%emt 0:00:00]} 5. Nf3 {[%emt 0:00:03]} Nc6 {[%emt 0:00:00]} 6. O-O {[%emt 0:00:10]} Bg4 {[%emt 0:00:00]} 7. c3 {[%emt 0:00:02]} Nge7 {[%emt 0:00:01]} 8. Re1 {[%emt 0:00:11]} Qd7 {[%emt 0:00:02]} 9. Nbd2 {[%emt 0:00:27]} f6 {[%emt 0:00:46]} 10. Nf1 {[%emt 0:01:09]} O-O-O {[%emt 0:00:40] C01: French: Exchange Variation} 11. Ne3 {[%emt 0:01:30]} (11. b4 g5 12. a4 Ng6 13. a5 Nce7 14. Be2 Kb8 15. Qb3 Nh4 16. Nxh4 Bxe2 17. Rxe2 gxh4 18. a6 {0-1 (59) Dubiel,J (2434)-Balog,I (2559) Germany 2019}) 11... Bh5 {[%emt 0:01:43]} 12. h3 {[%emt 0:01:06]} g5 {[%emt 0:00:32]} 13. g4 $146 {[%emt 0:00:52]} ({Predecessor:} 13. Bf1 Bg6 14. b4 h5 15. Nh2 f5 16. Be2 {0-1 (34) Planche,P (1633)-O'Sullivan,T (1918) Villepinte 2013}) 13... Bg6 {[%emt 0:00:07]} 14. Bf1 {[%emt 0:01:10]} h5 {[%emt 0:01:12]} 15. b4 {[%emt 0:02:41]} Be4 {[%emt 0:01:19]} 16. Nd2 {[%emt 0:01:10] [#]} hxg4 $1 {[%emt 0:01:41]} 17. Nxe4 {[%emt 0:00:27]} dxe4 {[%emt 0:00:03]} 18. Qxg4 {[%emt 0:01:01] [#]} f5 $1 {[%emt 0:00:02]} 19. Qe2 {[%emt 0:00:44]} Ng6 {[%emt 0:00:54]} 20. Nc4 {[%emt 0:00:54]} Nh4 {[%emt 0:03:04]} 21. Bg2 {[%emt 0:04:01]} g4 {[%emt 0:01:56]} 22. Nxd6+ {[%emt 0:02:34]} Qxd6 {[%emt 0:00:12]} 23. Bg5 {[%emt 0:01:01]} Nf3+ {[%emt 0:00:51]} 24. Bxf3 {[%emt 0:00:01]} gxf3 {[%emt 0:00:01]} 25. Qe3 {[%emt 0:00:32]} Rdg8 {[%emt 0:00:01]} 26. Kf1 {[%emt 0:01:51]} Qh2 {[%emt 0:00:14]} 0-1

[Event "NOR-ch Youth 2019"]
[Site "Skien"]
[Date "2019.11.08"]
[Round "1.13"]
[White "Kvaloy, Aksel Bu"]
[Black "Selvik, Elma"]
[Result "1-0"]
[WhiteElo "2209"]
[BlackElo "1343"]
[Annotator "TA"]
[PlyCount "69"]
[EventDate "2019.11.08"]
[EventType "swiss"]
[EventCountry "NOR"]
[SourceTitle "playchess.com"]
[Source "ChessBase"]
[SourceQuality "1"]

{[%evp 10,68,20,26,35,30,36,-3,-6,0,6,0,7,10,11,41,87,66,302,85,79,57,58,56,108,123,117,107,111,125,241,245,1528,1527,1514,1511,3404,2952,29975,29976,29976,29975,29972,29973,29973,29974,29963,29961,29988,29989,29992,29993,29993,29993,29995,29996,29998,29998,29998,29999,29999]} 1. e4 c6 2. d4 d5 3. exd5 cxd5 4. Bd3 Nc6 5. c3 Qc7 6. Ne2 Bd7 {B13: Caro-Kann: Exchange Variation and Panov-Botvinnik Attack} (6... Bg4 7. O-O Nf6 8. Qe1 Qc8 9. Ng3 h5 10. f3 Bd7 11. Bf4 h4 12. Ne2 Bf5 13. Bxf5 Qxf5 14. h3 e6 {½-½ (26) Kamsky,G (2666)-Vitiugov,N (2709) Germany 2019}) 7. O-O $146 ({Predecessor:} 7. Bf4 e5 8. dxe5 Nxe5 9. Bc2 Nf6 10. O-O Bd6 11. Bg3 O-O 12. Nd2 Rfe8 13. Nd4 Nc4 14. Nxc4 dxc4 {0-1 (37) Esenov,A (2319)-Pedersen,S (2457) Beijing 2008}) 7... e6 8. f4 Bd6 {The position is equal.} 9. Nd2 {[%cal Bb1d2,Bd2f3,Bf3e5][%mdl 32]} Nf6 10. Nf3 O-O 11. Ne5 Rac8 12. Ng3 Na5 13. Nh5 Be7 $2 {[#]} (13... Nxh5 $1 $14 14. Qxh5 f5) 14. Nxf6+ $2 (14. f5 $1 $18) 14... Bxf6 $16 15. Rf3 {Intending Bxh7+! and mate.} g6 16. Rh3 Bg7 (16... Nc4 $14) 17. Qg4 Qd8 18. Nxd7 $40 {[%mdl 192] Overworked Piece. White attacks with force.} Qxd7 {[#]} 19. Qh4 $1 {[%csl Gh3][%cal Rh4h7]} h6 (19... h5 $16 {was called for.}) 20. f5 $1 $18 g5 $2 {[#]} (20... Qd8 21. Qxd8 (21. fxg6 Qxh4 22. gxf7+ Rxf7 $18) 21... Rcxd8) 21. Bxg5 $1 {[%mdl 512]} f6 (21... hxg5 22. Qh7#) 22. Bxh6 {fxe6 is the strong threat.} Bxh6 23. Qxh6 {White wants to mate with fxe6.} Kf7 24. fxe6+ {White mates.} Qxe6 25. Bg6+ Ke7 {[#]} 26. Re3 $1 Qxe3+ 27. Qxe3+ Kd7 28. Re1 Kc7 29. Qf4+ Kc6 30. Re6+ {[%mdl 64] Double Attack} Kb5 31. Bd3+ Ka4 32. Bc2+ Kb5 33. Qf1+ Nc4 34. a4+ Ka5 35. b4# {Accuracy: White = 74%, Black = 27%.} 1-0

[Event "NOR-ch Youth 2019"]
[Site "Skien"]
[Date "2019.11.08"]
[Round "1.14"]
[White "Thorbjornsen, Ask Maardalen"]
[Black "Tunsjo, Axel"]
[Result "0-1"]
[WhiteElo "1340"]
[BlackElo "2038"]
[Annotator "NA RC"]
[PlyCount "44"]
[EventDate "2019.11.08"]
[EventType "swiss"]
[EventCountry "NOR"]
[SourceTitle "playchess.com"]
[Source "ChessBase"]
[SourceQuality "1"]
[TimeControl "2400+10"]

1. e4 {[%emt 0:00:00]} c5 {[%emt 0:00:00]} 2. Nc3 {[%emt 0:00:00]} Nc6 {[%emt 0:00:00]} 3. Nf3 {[%emt 0:00:21]} e6 {[%emt 0:00:01]} 4. d4 {[%emt 0:01:24]} cxd4 {[%emt 0:00:03]} 5. Nxd4 {[%emt 0:00:05]} Qc7 {[%emt 0:00:01]} 6. Be3 {[%emt 0:00:16]} a6 {[%emt 0:00:03]} 7. Be2 {[%emt 0:00:23]} Nf6 {[%emt 0:00:06]} 8. a3 {[%emt 0:00:43]} Be7 {[%emt 0:00:13]} 9. Qd2 {[%emt 0:00:47] B48: Sicilian: Taimanov: 5 Nc3 Qc7 6 Be3 a6 without Be2} (9. f4 d6 10. g4 d5 11. e5 Nd7 12. g5 Bc5 13. Qd2 Nxd4 14. Bxd4 Bxd4 15. Qxd4 Qb6 16. O-O-O Qxd4 17. Rxd4 {0-1 (62) Bologan,V (2610)-Jakovenko,D (2735) Poikovsky 2018}) 9... b5 {[%emt 0:00:12]} 10. b4 {[%emt 0:02:29]} Bb7 {[%emt 0:00:30]} 11. f3 {[%emt 0:00:38]} O-O {[%emt 0:00:07]} 12. O-O {[%emt 0:00:28]} Rac8 {[%emt 0:00:11]} 13. Bd3 $146 {[%emt 0:01:10]} ({Predecessor:} 13. Nd1 d5 14. exd5 Nxd5 15. Nxc6 Qxc6 16. Bd3 Rfd8 {1-0 (44) Kolozinskas,M-Svitojus,Z (1684) Plunge 2009}) 13... Nxd4 {[%emt 0:00:19]} 14. Bxd4 {[%emt 0:00:09]} e5 {[%emt 0:00:01]} 15. Ne2 {[%emt 0:11:22]} exd4 {[%emt 0:00:33]} 16. Nxd4 {[%emt 0:00:56]} Bd6 {[%emt 0:00:14]} 17. h3 {[%emt 0:00:42]} Be5 {[%emt 0:00:05]} 18. Nf5 {[%emt 0:01:04]} Bxa1 {[%emt 0:00:48]} 19. Ne7+ {[%emt 0:00:18]} Kh8 {[%emt 0:00:03]} 20. Nxc8 {[%emt 0:00:04]} Bd4+ {[%emt 0:00:03]} 21. Kh1 {[%emt 0:00:40]} Rxc8 {[%emt 0:00:05]} 22. Qc1 {[%emt 0:03:12]} Nh5 $19 {[%emt 0:00:28]} 0-1

[Event "NOR-ch Youth 2019"]
[Site "Skien"]
[Date "2019.11.08"]
[Round "1.15"]
[White "Eliseev, Sergey"]
[Black "Fjeldstad, Ask"]
[Result "1-0"]
[WhiteElo "1911"]
[BlackElo "1302"]
[Annotator "NA RC"]
[PlyCount "71"]
[EventDate "2019.11.08"]
[EventType "swiss"]
[EventCountry "NOR"]
[SourceTitle "playchess.com"]
[Source "ChessBase"]
[SourceQuality "1"]
[TimeControl "2400+10"]

1. e4 {[%emt 0:00:00]} e5 {[%emt 0:00:00]} 2. Nf3 {[%emt 0:00:00]} Nf6 {[%emt 0:00:00]} 3. Nxe5 {[%emt 0:00:02]} d6 {[%emt 0:00:00]} 4. Nf3 {[%emt 0:00:01]} Qe7 {[%emt 0:00:06]} 5. d3 {[%emt 0:01:49]} Bg4 {[%emt 0:00:37]} 6. Be2 {[%emt 0:01:37]} d5 {[%emt 0:01:10]} 7. e5 {[%emt 0:03:59]} Bxf3 {[%emt 0:01:52]} 8. exf6 {[%emt 0:00:10]} Qxe2+ {[%emt 0:00:25]} 9. Qxe2+ {[%emt 0:00:02]} Bxe2 {[%emt 0:00:02]} 10. fxg7 {[%emt 0:00:09]} Bxg7 {[%emt 0:00:03]} 11. Kxe2 {[%emt 0:00:02]} Nc6 {[%emt 0:00:13]} 12. c3 {[%emt 0:02:41]} O-O-O {[%emt 0:00:31]} 13. d4 {[%emt 0:01:14]} Rde8+ {[%emt 0:00:29]} 14. Kd3 {[%emt 0:00:46]} Re6 {[%emt 0:00:39]} 15. Be3 {[%emt 0:01:03]} Na5 {[%emt 0:01:28]} 16. Nd2 {[%emt 0:01:38]} b6 {[%emt 0:04:26]} 17. Rae1 {[%emt 0:07:37]} Rhe8 {[%emt 0:00:23]} 18. b4 {[%emt 0:02:09]} Nb7 {[%emt 0:02:38]} 19. f3 {[%emt 0:02:48]} ({White should play} 19. Nf3 $16) 19... Bh6 {[%emt 0:00:52]} 20. Bf2 {[%emt 0:00:07]} Rg8 {[%emt 0:01:46]} 21. g3 {[%emt 0:03:41]} Kd7 {[%emt 0:03:55]} 22. f4 {[%emt 0:01:51]} Rc8 {[%emt 0:00:50]} (22... Bg7 $16 {was worth a try.} 23. c4 Rxe1 24. Rxe1 a5) 23. Nf3 {[%emt 0:02:48]} (23. Re5 $18) 23... f6 $16 {[%emt 0:01:23]} 24. Rxe6 {[%emt 0:01:22]} Kxe6 {[%emt 0:00:08]} 25. Be3 {[%emt 0:00:24]} Kf7 {[%emt 0:00:17]} 26. Re1 {[%emt 0:02:13]} c5 {[%emt 0:00:43]} 27. bxc5 {[%emt 0:01:29]} bxc5 {[%emt 0:00:03]} 28. dxc5 {[%emt 0:01:00]} Nxc5+ {[%emt 0:00:29]} 29. Kc2 {[%emt 0:00:13]} Bg7 {[%emt 0:01:04]} 30. Bd4 {[%emt 0:00:19]} a6 {[%emt 0:01:05]} 31. Rb1 {[%emt 0:00:30]} Rc7 {[%emt 0:02:15]} 32. Bxc5 {[%emt 0:00:06]} Rxc5 {[%emt 0:00:02]} 33. Rb7+ {[%emt 0:00:00]} Kg8 {[%emt 0:00:12]} 34. Nd4 {[%emt 0:00:11]} f5 {[%emt 0:00:27]} 35. Rxg7+ {[%emt 0:00:03]} Kxg7 {[%emt 0:00:05]} 36. Ne6+ {[%emt 0:00:01]} 1-0

[Event "NOR-ch Youth 2019"]
[Site "Skien"]
[Date "2019.11.08"]
[Round "2.1"]
[White "Holand, Per Fredrik"]
[Black "Vestby-Ellingsen, Mads"]
[Result "0-1"]
[WhiteElo "1927"]
[BlackElo "2351"]
[Annotator "TA"]
[PlyCount "120"]
[EventDate "2019.11.08"]
[EventType "swiss"]
[EventCountry "NOR"]
[SourceTitle "playchess.com"]
[Source "ChessBase"]
[SourceQuality "1"]

{[%evp 9,120,33,55,-2,2,5,4,1,8,11,34,11,10,0,12,0,0,-13,-6,-17,-10,0,26,-27,-18,-34,0,-14,48,54,62,-7,-3,-4,18,24,33,-22,-22,-22,-23,-70,-32,-47,-46,-89,-89,-89,-89,-89,-89,-155,-156,-152,-153,-134,-134,-139,-136,-213,-141,-231,-220,-302,-282,-278,-277,-250,-231,-229,-224,-224,-148,-165,-141,-156,-141,-130,-130,-49,-49,-49,-49,-49,-9,-141,-8,-49,-49,-29964,-29963,-29969,-29972,-29972,-29973,-29973,-29974,-29975,-29976,-29977,-29978,-29978,-29979,-29982,-29981,-29981,-29982,-29982,-29983,-29983,-29984,-29986,-29987]} 1. e4 e5 2. Nf3 Nc6 3. Bb5 a6 4. Ba4 g6 5. d4 exd4 6. Bg5 {C70: Ruy Lopez: 3...a6 4 Ba4, Norwegian and Delayed Schliemann} (6. Nxd4 $14 Nge7 7. Bg5) (6. Nxd4 Bg7 7. Nxc6 bxc6 8. Nc3 Ne7 9. Be3 O-O 10. Qd2 d5 11. O-O-O Rb8 12. Bh6 Qd6 13. Bb3 dxe4 14. Bxg7 Qxd2+ 15. Rxd2 Kxg7 16. Nxe4 {1-0 (55) Nyzhnyk,I (2649)-Gareyev,T (2584) Las Vegas 2019}) 6... Be7 $11 7. Bxe7 Ngxe7 8. Nxd4 {The position is equal.} O-O 9. O-O d6 {And now ...Nxd4 would win.} 10. Bb3 $146 ({Predecessor:} 10. Nxc6 bxc6 11. Nc3 Be6 12. Qd3 Qc8 13. Rfe1 Rb8 {1-0 (50) Varadi,V (2415)-Zsinka,L (2373) Hungary 2005}) 10... Na5 11. c3 c5 12. Ne2 Nxb3 13. Qxb3 b5 14. Nf4 Bb7 15. Nd2 Nc6 16. Rad1 (16. a4 $142) 16... Ne5 17. c4 Rb8 18. Qc3 Nxc4 (18... Re8 $11) 19. Nxc4 $14 bxc4 20. Qxc4 (20. f3 $14) 20... Qf6 21. Nd3 Rfe8 22. f3 Bc6 23. e5 (23. Rf2 $14) 23... dxe5 $11 {White must now prevent ...Bb5.} 24. Qxa6 Kg7 25. Qc4 Bb5 26. Qc3 $1 Red8 $36 {[%mdl 2048] Black is pushing.} 27. Rfe1 Bxd3 {[%mdl 64] [#] Overworked Piece} 28. Rxd3 Rxd3 29. Qxd3 Rxb2 $17 {[%mdl 4096] Endgame Strongly threatening ...Qh4. KQR-KQR} 30. Qc3 (30. Qd5 $142) 30... e4 31. Qxf6+ Kxf6 32. Rxe4 Rxa2 {KR-KR} 33. Rc4 Ra5 34. Kf2 (34. Re4 $17 {was called for.}) 34... Ke5 $19 35. Re4+ (35. g4 $17 {is a better defense.}) 35... Kd6 36. Rh4 Ra2+ 37. Ke3 h5 ({Not} 37... Rxg2 38. Rxh7 Ke6 39. h4 $17) 38. g4 hxg4 39. fxg4 Ke5 40. Rh7 Ra3+ 41. Kd2 Ra7 42. h4 Kd4 43. h5 gxh5 44. gxh5 c4 45. Rh8 Ra2+ 46. Kd1 Kc3 (46... Kd3 {looks sharper.} 47. Rd8+ Kc3 48. h6 Rh2 49. Rh8 Kd3) 47. Rf8 (47. h6 $11) 47... Ra1+ ({Black should play} 47... Rd2+ $17 48. Kc1 Rh2) 48. Ke2 $15 Rh1 49. Rxf7 $2 {[%mdl 8192] [#]} (49. Rh8 $15) 49... Rxh5 {Black mates.} 50. Kd1 Rh1+ 51. Ke2 Kc2 52. Rc7 c3 53. Ra7 Rh8 54. Rb7 Re8+ 55. Kf2 Kc1 56. Kf1 c2 57. Kf2 Re5 58. Kf3 Kd2 59. Rd7+ Kc3 60. Rc7+ Kd3 {Accuracy: White = 29%, Black = 64%.} 0-1

[Event "NOR-ch Youth 2019"]
[Site "Skien"]
[Date "2019.11.08"]
[Round "2.2"]
[White "Risting, Eivind Olav"]
[Black "Unhjem, Bjorn Robert Lovoll"]
[Result "1/2-1/2"]
[WhiteElo "2298"]
[BlackElo "1942"]
[Annotator "TA"]
[PlyCount "99"]
[EventDate "2019.11.08"]
[EventType "swiss"]
[EventCountry "NOR"]
[SourceTitle "playchess.com"]
[Source "ChessBase"]
[SourceQuality "1"]

{[%evp 17,99,11,28,19,40,22,21,7,35,35,27,25,38,33,29,23,53,9,4,0,-7,-13,0,0,-6,0,0,-14,0,0,0,0,0,0,5,-6,0,0,-8,-14,-15,-30,-14,-31,-29,-29,-5,-4,-11,-9,-14,-5,0,-4,0,-9,0,0,0,0,0,0,0,0,0,0,0,0,0,0,0,0,0,0,0,0,0,0,0,0,0,0,0,0]} 1. d4 d5 2. c4 e6 3. Nc3 Be7 4. Nf3 Nf6 5. Bf4 O-O 6. e3 c5 7. dxc5 Bxc5 8. Qc2 Nc6 9. a3 Qa5 10. Nd2 {[#] Hoping for cxd5. D37: Queen's Gambit Declined: 5 Bf4} (10. Rd1 Rd8 11. Be2 Ne4 12. cxd5 Nxc3 13. bxc3 exd5 14. O-O h6 15. a4 Bd6 16. Bxd6 Rxd6 17. c4 Rb8 18. c5 {½-½ (27) Mamedyarov,S (2790)-Karjakin,S (2753) Shamkir 2019}) 10... Qd8 11. Nb3 {cxd5 is the strong threat.} Bd6 12. Bg5 dxc4 13. Bxc4 Ne5 14. Be2 h6 $146 ({Predecessor:} 14... Qb6 15. Bxf6 gxf6 16. f4 Ng6 17. Nd2 Be7 {0-1 (35) Morss,M (2027)-Milde,L (1822) LSS email 2010}) 15. h4 Be7 16. Rd1 Qc7 17. Bf4 (17. Rd2 $5 {[%cal Rc3d5]}) 17... Nd5 18. Qe4 Nxf4 19. exf4 Ng6 20. g3 Bf6 21. O-O Bd7 22. Nd4 a6 23. Bf3 Rab8 24. Rd2 Ne7 25. Rfd1 Rfd8 26. Bg2 Nc6 27. Nde2 Na5 28. Qb4 Bc6 {[#] White must now prevent ...Rxd2.} 29. Bxc6 {aiming for Rxd8+.} Nxc6 30. Qe4 Rxd2 31. Rxd2 Rd8 32. Rxd8+ {The position is equal.} Qxd8 33. f5 exf5 34. Qxf5 Nd4 35. Nxd4 (35. Qe4 {is interesting.} Nxe2+ 36. Qxe2 Bd4 37. h5 Kf8 38. Qg4) 35... Bxd4 36. Qf3 Bxc3 37. Qxc3 $11 {[%mdl 4096] Endgame KQ-KQ} Qd5 38. b4 h5 39. Kf1 g6 40. Ke2 Kf8 41. Ke3 Ke7 42. Qc7+ Ke6 43. Qb6+ Kf5 44. f3 Qb3+ 45. Kf2 Qc2+ 46. Kf1 Qd1+ 47. Kf2 Qd2+ 48. Kf1 Qd3+ 49. Kf2 Qd2+ 50. Kf1 {Accuracy: White = 67%, Black = 68%.} 1/2-1/2

[Event "NOR-ch Youth 2019"]
[Site "Skien"]
[Date "2019.11.08"]
[Round "2.3"]
[White "Leonhardsen, Vebjorn Maanum"]
[Black "Lund, Gunnar"]
[Result "0-1"]
[WhiteElo "1836"]
[BlackElo "2274"]
[Annotator "TA"]
[PlyCount "76"]
[EventDate "2019.11.08"]
[EventType "swiss"]
[EventCountry "NOR"]
[SourceTitle "playchess.com"]
[Source "ChessBase"]
[SourceQuality "1"]

{[%evp 21,75,5,13,0,0,0,8,22,25,-73,-72,-78,-73,-63,-69,-123,-120,-118,-111,-125,-125,-117,-73,-99,-71,-87,-71,-344,-168,-128,0,-335,-212,-227,-193,-206,-199,-236,-254,-554,-545,-786,-775,-661,-403,-403,-395,-354,-109,-115,-115,-793,-768,-1058,-1040,-29999]} 1. Nf3 d6 2. d4 Nf6 3. g3 Nbd7 4. Bg2 e5 5. dxe5 dxe5 6. O-O Be7 7. c4 O-O 8. Nc3 c6 9. Qc2 Qc7 10. b3 Re8 11. Bb2 Bf8 12. e4 {A54: Old Indian Defence with Nf3, but without e4} (12. Rad1 h6 13. Nd2 g5 14. Na4 b6 15. Ne4 Ba6 {½-½ (15) Arsovic,Z (2427)-Predojevic,B (2632) Jahorina 2018}) 12... Nc5 {[%cal Bd7c5,Bc5e6,Be6d4][%mdl 32]} 13. b4 $146 ({Predecessor:} 13. h3 b6 14. Rad1 Bb7 15. Rd2 Rad8 16. Rfd1 Rxd2 17. Rxd2 Nfd7 {1-0 (50) Jablokov,D (2031)-Buivydas,S (1795) Klaipeda 2017}) 13... Ne6 14. a3 {The position is equal.} a5 15. Qb3 (15. c5 $11) 15... Nd4 $17 16. Nxd4 exd4 17. Ne2 Nxe4 18. Qc2 ({White should play} 18. Qd3 $15 Bf5 19. Nxd4) 18... Bf5 $1 $36 {[%mdl 2048] Strongly threatening ...Nxg3. Black is really pushing.} 19. Nxd4 {[#]} Bg6 $1 {...Nxg3 is the strong threat.} 20. Bxe4 Rxe4 21. Qc3 Rd8 22. Nb3 axb4 23. axb4 b6 24. Ra6 $2 {[%mdl 8192]} (24. Rfd1 $17 {might work better.}) 24... Re2 (24... Qc8 $142 25. Rxb6 Bf5) 25. Nd4 $19 {[#]} Re4 $2 (25... Rxb2 $1 $17 {[%mdl 512]} 26. Qxb2 Qe5 27. Rxb6 (27. Rd1 $2 c5 $19) 27... Rxd4) 26. Nb3 $1 h5 27. Rfa1 h4 28. Ra8 h3 29. Rxd8 Qxd8 30. f3 $2 (30. Rf1) 30... Re2 31. Nd4 Rg2+ 32. Kh1 Qf6 33. c5 bxc5 34. bxc5 Bxc5 $2 (34... Qe5 $19 {has better winning chances. aiming for ...Bh5.} 35. Re1 Qd5) 35. Qxc5 $17 {And now Bc3 would win.} Rxb2 36. Rd1 $2 {[%mdl 8192] [#]} (36. Qxc6 $17 Qxc6 37. Nxc6) 36... Be4 $1 $19 {[%mdl 512]} 37. Rf1 (37. fxe4 Qf2) 37... Rd2 38. fxe4 Qxf1# {Accuracy: White = 36%, Black = 64%.} 0-1

[Event "NOR-ch Youth 2019"]
[Site "Skien"]
[Date "2019.11.08"]
[Round "2.4"]
[White "Nordquelle, Daniel"]
[Black "Halvorsen, Benjamin"]
[Result "1-0"]
[WhiteElo "2190"]
[BlackElo "1868"]
[Annotator "TA"]
[PlyCount "53"]
[EventDate "2019.11.08"]
[EventType "swiss"]
[EventCountry "NOR"]
[SourceTitle "playchess.com"]
[Source "ChessBase"]
[SourceQuality "1"]

{[%evp 14,53,44,11,40,28,41,37,39,23,27,7,8,6,8,13,60,0,18,22,25,43,24,-69,-56,-98,-91,-126,272,259,300,285,420,385,942,933,2130,2105,2021,2021,1966,1897]} 1. e4 d5 2. exd5 Qxd5 3. Nc3 Qa5 4. d4 Nf6 5. Nf3 Bf5 6. Bc4 e6 7. O-O c6 8. Re1 Bb4 {B01: Scandinavian Defence} 9. Bd2 Bxc3 (9... O-O 10. a3 Bxc3 11. Bxc3 Qc7 12. b3 Rd8 13. Qe2 b5 14. Bd3 Nbd7 15. Bb2 Bxd3 16. Qxd3 a6 17. Qe3 a5 18. a4 b4 19. Rad1 Nd5 {0-1 (81) Hong,A (2390)-Gorovets,A (2509) chess.com INT 2019}) 10. Bxc3 Qc7 $1 {White is slightly better.} 11. Bb3 $146 ({Predecessor:} 11. Bd2 Nbd7 12. Bb3 h6 13. c4 O-O 14. Bc3 Rad8 15. Bc2 Bxc2 16. Qxc2 {1-0 (52) Zupancic,U (1749)-Skrinjar,M (1666) Otocec 2006}) 11... O-O 12. Bb4 Rd8 13. c4 Na6 {[%cal Bb8a6,Ba6c5,Bc5d3][%mdl 32]} 14. Bc3 c5 (14... Nc5 $5) 15. Qc1 cxd4 16. Bxd4 Ng4 {[#] aiming for ...Rxd4!} 17. Qc3 $36 {[%mdl 2048] White fights for an advantage.} Nc5 {And now ...Rxd4! would win.} 18. h3 (18. Rad1 $11) 18... Rxd4 $1 $15 19. Qxd4 Rd8 20. Qc3 {[#]} Nxf2 $2 {[%mdl 8192]} (20... Rd3 $1 $17 {[%cal Rd3f3] stays on course. Threatens to win with ...Rxf3!} 21. hxg4 Rxc3 22. gxf5 Nxb3 23. axb3 Rxb3 24. Rxa7 Qb8 25. fxe6 fxe6) 21. Kxf2 $18 Nd3+ 22. Kg1 Bxh3 (22... Nxe1 {was called for.} 23. Rxe1 Qc5+ 24. Qe3 Qxe3+ 25. Rxe3 Kf8) 23. Re2 Qg3 $2 (23... Qc5+ 24. Kh2 Qh5 25. gxh3 Qxf3) 24. Rd1 {White is clearly winning.} Bxg2 25. Rxg2 Qxg2+ 26. Kxg2 Nf4+ 27. Kf2 {Accuracy: White = 28%, Black = 29%.} 1-0